[Event "NED-ch 1993"]
[Site "Eindhoven"]
[Date "1993.??.??"]
[Round "1"]
[White "Cifuentes Parada, Roberto"]
[Black "Hoeksema, Erik"]
[Result "1/2-1/2"]
[WhiteElo "2485"]
[BlackElo "2405"]
[PlyCount "49"]
[EventDate "1993.06.??"]
[Source "ChessBase"]
[SourceDate "1996.11.15"]

1. c4 e5 2. Nc3 Nf6 3. Nf3 Nc6 4. e3 Bb4 5. Qc2 Bxc3 6. Qxc3 Qe7 7. Be2 d5 8.
cxd5 Nxd5 9. Qb3 Nb6 10. O-O Bg4 11. d3 O-O-O 12. a3 f5 13. Qc2 Kb8 14. Re1 e4
15. dxe4 fxe4 16. Nd2 Bf5 17. b4 Ne5 18. Bb2 Rhf8 19. Bxe5 Qxe5 20. Rac1 Rf6
21. Red1 Rc6 22. Qb1 Rcd6 23. Qc2 Rc6 24. Qb1 Rcd6 25. Qc2 1/2-1/2

[Event "NED-ch 1993"]
[Site "Eindhoven"]
[Date "1993.??.??"]
[Round "1"]
[White "Martens, Martin"]
[Black "Piket, Jeroen"]
[Result "0-1"]
[WhiteElo "2440"]
[BlackElo "2590"]
[PlyCount "88"]
[EventDate "1993.06.??"]
[Source "ChessBase"]
[SourceDate "1996.11.15"]

1. d3 d5 2. g3 Nf6 3. Bg2 g6 4. Nf3 Bg7 5. O-O O-O 6. Nbd2 Nc6 7. c3 e5 8. e4
a5 9. a4 dxe4 10. dxe4 b6 11. Re1 Ba6 12. Bf1 Bxf1 13. Kxf1 Qd7 14. Qe2 h6 15.
Kg2 Rad8 16. Nc4 Rfe8 17. Nfd2 Nh7 18. Ne3 Ng5 19. h4 Ne6 20. Nb3 Ne7 21. Qc4
Nc8 22. f3 Nd6 23. Qd3 f5 24. Nc4 Qf7 25. Nxd6 Rxd6 26. Qc2 Red8 27. Re2 f4 28.
gxf4 Nxf4+ 29. Bxf4 Qxf4 30. Rh1 c5 31. Qc1 Qf7 32. Na1 Rd3 33. Rf2 h5 34. Nc2
Kh7 35. Qf1 Bh6 36. Nd4 c4 37. Nc6 Re8 38. b4 Qf6 39. b5 g5 40. Qe2 gxh4 41.
Rd1 Rg8+ 42. Kh1 Qe6 43. Rxd3 cxd3 44. Qxd3 Be3 0-1

[Event "NED-ch 1993"]
[Site "Eindhoven"]
[Date "1993.??.??"]
[Round "1"]
[White "Riemersma, Liafbern"]
[Black "Van der Wiel, John"]
[Result "0-1"]
[WhiteElo "2415"]
[BlackElo "2560"]
[PlyCount "44"]
[EventDate "1993.06.??"]
[Source "ChessBase"]
[SourceDate "1996.11.15"]

1. e4 c5 2. Nf3 d6 3. d4 cxd4 4. Nxd4 Nf6 5. Nc3 a6 6. Be3 e5 7. Nb3 Be7 8. Be2
Be6 9. f4 exf4 10. Bxf4 Nc6 11. Nd4 Nxd4 12. Qxd4 Rc8 13. O-O-O O-O 14. g4 Qa5
15. g5 Rxc3 16. bxc3 Nd7 17. Rhg1 Nc5 18. Bc4 Rc8 19. Bb3 Bxb3 20. axb3 Ne6 21.
Qe3 Rxc3 22. Qf2 Qa1+ 0-1

[Event "NED-ch 1993"]
[Site "Eindhoven"]
[Date "1993.??.??"]
[Round "1"]
[White "Van der Sterren, Paul"]
[Black "Ree, Hans"]
[Result "1/2-1/2"]
[WhiteElo "2490"]
[BlackElo "2445"]
[PlyCount "163"]
[EventDate "1993.06.??"]
[Source "ChessBase"]
[SourceDate "1996.11.15"]

1. d4 e6 2. c4 Nf6 3. Nf3 d5 4. Nc3 Nbd7 5. cxd5 exd5 6. Bg5 Be7 7. e3 c6 8.
Qc2 Nh5 9. Bxe7 Qxe7 10. O-O-O g6 11. g4 Ng7 12. Bd3 Nb6 13. h3 Be6 14. Kb1
O-O-O 15. Na4 Nxa4 16. Qxa4 Kb8 17. Rc1 Ne8 18. Rc3 Nd6 19. Rhc1 Bd7 20. Ra3
Nc8 21. Ne5 Be8 22. Qb3 Nb6 23. Qc3 f6 24. Qa5 Nc8 25. Nf3 g5 26. h4 h6 27. Rg1
Bd7 28. h5 Be6 29. Nd2 Qc7 30. Qxc7+ Kxc7 31. f3 Rhf8 32. Nf1 f5 33. gxf5 Bxf5
34. Bxf5 Rxf5 35. Nh2 Nd6 36. Rd3 Ne8 37. Ng4 Rxf3 38. Nxh6 Nf6 39. Rxg5 Rh8
40. Rg7+ Kb8 41. Nf7 Nxh5 42. Nxh8 Nxg7 43. Ng6 Nf5 44. Ne5 Rxe3 45. Rxe3 Nxe3
46. b3 Kc7 47. Kb2 Kd6 48. Nf7+ Ke7 49. Ne5 Nf5 50. Kc3 Ke6 51. Nd3 Nd6 52.
Nc5+ Ke7 53. Kd2 b6 54. Nd3 Nb5 55. Ke3 Nc3 56. a4 a5 57. Ne5 Kd6 58. Nf7+ Kc7
59. Ne5 Na2 60. Kd2 Nb4 61. Ke3 Kd6 62. Nf7+ Ke6 63. Ng5+ Kf5 64. Nf7 Ke6 65.
Ng5+ Kf6 66. Nh7+ Kf5 67. Nf8 Na6 68. Nd7 Ke6 69. Nf8+ Kd6 70. Ng6 Nc7 71. Ne5
Ne6 72. Nf7+ Ke7 73. Ne5 c5 74. dxc5 Nxc5 75. b4 axb4 76. Nc6+ Kd6 77. Nxb4 Ne6
78. Kd3 d4 79. Kc4 Ke5 80. Kb5 Nc5 81. Kxb6 Nxa4+ 82. Ka5 1/2-1/2

[Event "NED-ch 1993"]
[Site "Eindhoven"]
[Date "1993.??.??"]
[Round "2"]
[White "Hoeksema, Erik"]
[Black "Van der Sterren, Paul"]
[Result "0-1"]
[WhiteElo "2405"]
[BlackElo "2490"]
[PlyCount "148"]
[EventDate "1993.06.??"]
[Source "ChessBase"]
[SourceDate "1996.11.15"]

1. c4 e6 2. Nc3 Nf6 3. Nf3 d5 4. d4 c5 5. cxd5 Nxd5 6. e4 Nxc3 7. bxc3 cxd4 8.
cxd4 Nc6 9. Bc4 Bb4+ 10. Bd2 Bxd2+ 11. Qxd2 O-O 12. O-O b6 13. Rad1 Bb7 14.
Rfe1 Na5 15. Bd3 h6 16. Qf4 Qf6 17. Qg3 Qe7 18. h4 Rad8 19. Bb1 Nc4 20. d5 Rfe8
21. Nd4 e5 22. Nf5 Qf6 23. Rc1 Nd6 24. Ne3 h5 25. Bd3 Rc8 26. f3 Qe7 27. Qf2
Rc7 28. Rxc7 Qxc7 29. Qb2 b5 30. Rc1 Qb6 31. Kf2 f6 32. Ke2 Rc8 33. Rxc8+ Bxc8
34. g3 b4 35. Qc2 Bd7 36. Nc4 Qc5 37. Nxd6 Qxd6 38. Qc4 Kf8 39. Qc1 Ke7 40. Qe3
Qc7 41. f4 Kd6 42. fxe5+ fxe5 43. Qf2 Bg4+ 44. Kf1 Bh3+ 45. Ke2 Bg4+ 46. Kf1
Bh3+ 47. Ke2 Ke7 48. d6+ Kxd6 49. Qf8+ Qe7 50. Qb8+ Kc6 51. Bc4 Bg4+ 52. Ke1 a6
53. Bxa6 Qc5 54. Be2 Qg1+ 55. Kd2 Qd4+ 56. Ke1 Qg1+ 57. Kd2 Qd4+ 58. Ke1 Bxe2
59. Qa8+ Kc5 60. Kxe2 Qb2+ 61. Kd3 Qa3+ 62. Qxa3 bxa3 63. Kc3 g6 64. Kb3 Kd4
65. Kxa3 Kxe4 66. Kb2 Kf3 67. a4 e4 68. a5 e3 69. a6 e2 70. a7 e1=Q 71. a8=Q+
Kxg3 72. Qd8 Qe5+ 73. Ka2 Kh3 74. Qd3+ Qg3 0-1

[Event "NED-ch 1993"]
[Site "Eindhoven"]
[Date "1993.??.??"]
[Round "2"]
[White "Sosonko, Gennadi"]
[Black "Cifuentes Parada, Roberto"]
[Result "1/2-1/2"]
[WhiteElo "2535"]
[BlackElo "2485"]
[PlyCount "69"]
[EventDate "1993.06.??"]
[Source "ChessBase"]
[SourceDate "1996.11.15"]

1. d4 Nf6 2. c4 e6 3. Nf3 d5 4. g3 Bb4+ 5. Bd2 Be7 6. Bg2 O-O 7. O-O Nbd7 8.
Qc2 c6 9. Bf4 Ne4 10. Nfd2 Nxd2 11. Nxd2 g5 12. Be3 f5 13. Nf3 g4 14. Ne1 Bg5
15. Bxg5 Qxg5 16. Nd3 Qg7 17. e3 h5 18. Nf4 Nf6 19. b4 h4 20. Rfc1 h3 21. Bf1
Bd7 22. b5 cxb5 23. cxb5 Rfc8 24. Qb2 Ne4 25. Qa3 Qf8 26. Rxc8 Bxc8 27. Qb2 Bd7
28. Rc1 Rc8 29. Ng6 Qd6 30. Rxc8+ Bxc8 31. Qc2 Bd7 32. a4 Kf7 33. Ne5+ Ke8 34.
a5 Ke7 35. Ng6+ 1/2-1/2

[Event "NED-ch 1993"]
[Site "Eindhoven"]
[Date "1993.??.??"]
[Round "2"]
[White "Van Wely, Loek"]
[Black "Piket, Jeroen"]
[Result "1/2-1/2"]
[WhiteElo "2560"]
[BlackElo "2590"]
[PlyCount "73"]
[EventDate "1993.06.??"]
[Source "ChessBase"]
[SourceDate "1996.11.15"]

1. d4 Nf6 2. c4 e6 3. Nf3 d5 4. Nc3 Bb4 5. Bg5 h6 6. Bxf6 Qxf6 7. Qb3 c5 8.
cxd5 exd5 9. a3 Bxc3+ 10. Qxc3 Nd7 11. Qe3+ Qe7 12. Qxe7+ Kxe7 13. dxc5 Nxc5
14. Rc1 Ne4 15. e3 Bd7 16. Bd3 Rhc8 17. O-O Nc5 18. Bb1 Na4 19. b3 Nc5 20. Nd4
a5 21. Rfd1 g6 22. f3 Ne6 23. Ne2 Rxc1 24. Rxc1 Rc8 25. Rxc8 Bxc8 26. b4 axb4
27. axb4 Kd6 28. Kf2 Nd8 29. Nd4 Nc6 30. Nxc6 bxc6 31. Ke2 c5 32. bxc5+ Kxc5
33. Kd2 Bd7 34. Kc3 g5 35. g3 f6 36. Bd3 Ba4 37. f4 1/2-1/2

[Event "NED-ch 1993"]
[Site "Eindhoven"]
[Date "1993.??.??"]
[Round "2"]
[White "Van der Wiel, John"]
[Black "Martens, Martin"]
[Result "1-0"]
[WhiteElo "2555"]
[BlackElo "2440"]
[PlyCount "99"]
[EventDate "1993.06.??"]
[Source "ChessBase"]
[SourceDate "1996.11.15"]

1. e4 c5 2. Nf3 e6 3. d4 cxd4 4. Nxd4 Nf6 5. Nc3 d6 6. f4 a6 7. Qf3 Qb6 8. Nb3
Qc7 9. g4 b5 10. Bd3 Bb7 11. g5 Nfd7 12. O-O g6 13. Qh3 b4 14. Nd1 d5 15. exd5
Bxd5 16. Ne3 Qb6 17. Rf2 Bxb3 18. axb3 Bc5 19. Be4 Ra7 20. Kh1 O-O 21. Nc4 Qc7
22. Be3 Bxe3 23. Qxe3 Nc5 24. Bg2 Rd8 25. Ne5 Qe7 26. Ng4 Nbd7 27. Rd2 Rc7 28.
Re1 h5 29. gxh6 Kh7 30. Qd4 Rg8 31. Qxb4 Qh4 32. Nf2 Nf6 33. Rg1 Nh5 34. Nh3
Kxh6 35. Qd4 Rcc8 36. Qe3 Kg7 37. b4 Na4 38. Rd7 Rgd8 39. Qd4+ Kg8 40. c3 Nxb2
41. Bf1 Rxd7 42. Qxd7 Rd8 43. Qc7 Rd2 44. f5 Nd1 45. fxg6 Qe4+ 46. Bg2 Qf5 47.
gxf7+ Kf8 48. Rf1 Nf2+ 49. Nxf2 Rxf2 50. Qb8+ 1-0

[Event "NED-ch 1993"]
[Site "Eindhoven"]
[Date "1993.??.??"]
[Round "3"]
[White "Cifuentes Parada, Roberto"]
[Black "Van Wely, Loek"]
[Result "0-1"]
[WhiteElo "2485"]
[BlackElo "2560"]
[PlyCount "122"]
[EventDate "1993.06.??"]
[Source "ChessBase"]
[SourceDate "1996.11.15"]

1. d4 Nf6 2. c4 g6 3. Nc3 Bg7 4. e4 d6 5. Be2 O-O 6. Nf3 e5 7. dxe5 dxe5 8.
Qxd8 Rxd8 9. Nd5 Nxd5 10. cxd5 c6 11. Bc4 cxd5 12. Bxd5 Na6 13. Bg5 Re8 14.
O-O-O Nc7 15. Bb3 Be6 16. Rd3 Bxb3 17. Rxb3 b6 18. Rd1 Ne6 19. Be3 f5 20. Ng5
Rac8+ 21. Kb1 Nd4 22. Rc3 Rxc3 23. bxc3 Nb5 24. Kb2 f4 25. Bc1 Bf8 26. Kb3 h6
27. Nf3 Nd6 28. Nd2 Nb7 29. f3 Rc8 30. Nb1 Rc7 31. Kc2 Kf7 32. Ba3 Bxa3 33.
Nxa3 a6 34. Rd5 Ke6 35. Kd2 Nd6 36. Kd3 Rc8 37. c4 g5 38. h3 h5 39. Kc3 g4 40.
hxg4 hxg4 41. Kb4 Rh8 42. c5 bxc5+ 43. Rxc5 Rh2 44. Rc2 g3 45. Rc6 Kd7 46. Rc2
Nxe4 47. Nc4 Nf2 48. Nxe5+ Ke6 49. Ng6 Kf5 50. Ne7+ Kf6 51. Nd5+ Ke5 52. Kc4
Rxg2 53. Re2+ Kd6 54. Nxf4 Rh2 55. Re6+ Kd7 56. Kd5 Nh3 57. Rd6+ Ke7 58. Ng6+
Ke8 59. Re6+ Kd8 60. Rd6+ Kc7 61. Rxa6 Rd2+ 0-1

[Event "NED-ch 1993"]
[Site "Eindhoven"]
[Date "1993.??.??"]
[Round "3"]
[White "Nijboer, Friso"]
[Black "Hoeksema, Erik"]
[Result "1-0"]
[WhiteElo "2505"]
[BlackElo "2405"]
[PlyCount "39"]
[EventDate "1993.06.??"]
[Source "ChessBase"]
[SourceDate "1996.11.15"]

1. e4 e6 2. d4 d5 3. Nc3 Bb4 4. e5 c5 5. a3 Bxc3+ 6. bxc3 Nc6 7. Nf3 f6 8. Bb5
Nge7 9. O-O Qa5 10. c4 a6 11. Bd2 Qc7 12. cxd5 axb5 13. d6 Qd7 14. dxe7 cxd4
15. Bb4 fxe5 16. Re1 Qd5 17. Ng5 h5 18. Qd3 Rh6 19. Ne4 Nxb4 20. Qg3 1-0

[Event "NED-ch 1993"]
[Site "Eindhoven"]
[Date "1993.??.??"]
[Round "3"]
[White "Van der Sterren, Paul"]
[Black "Sosonko, Gennadi"]
[Result "1-0"]
[WhiteElo "2490"]
[BlackElo "2535"]
[PlyCount "123"]
[EventDate "1993.06.??"]
[Source "ChessBase"]
[SourceDate "1996.11.15"]

1. d4 Nf6 2. c4 e6 3. Nf3 d5 4. Nc3 Bb4 5. Bg5 h6 6. Bxf6 Qxf6 7. e3 O-O 8. Rc1
dxc4 9. Bxc4 c5 10. O-O cxd4 11. Nxd4 Rd8 12. Qb3 Qe7 13. Rfd1 Bd7 14. a3 Bxc3
15. Qxc3 Nc6 16. Nf3 Be8 17. e4 Rxd1+ 18. Rxd1 Rd8 19. Rxd8 Qxd8 20. h4 Qd1+
21. Kh2 Qd6+ 22. Kg1 Qf4 23. e5 g5 24. hxg5 hxg5 25. g3 Qe4 26. Bd3 Qd5 27. g4
Kf8 28. Bc2 b6 29. Qe3 Qc5 30. Qxc5+ bxc5 31. Be4 Ke7 32. Bxc6 Bxc6 33. Nxg5 f6
34. Nh3 Bf3 35. g5 fxe5 36. Kh2 Kf7 37. Kg3 Bd1 38. f3 Kg6 39. Nf2 Bc2 40. Kg4
Bf5+ 41. Kh4 Bc2 42. Ne4 c4 43. Kg4 Bd3 44. Nc5 Bf5+ 45. Kh4 Bc2 46. Nd7 e4 47.
fxe4 Bxe4 48. Ne5+ Kf5 49. Nxc4 Bd3 50. Ne3+ Kf4 51. Ng2+ Kf5 52. Kh5 e5 53.
Kh6 Bb1 54. g6 Ba2 55. b4 Ke4 56. g7 Kd4 57. Kg5 Bg8 58. Nh4 Kc4 59. Kg6 e4 60.
Nf5 e3 61. Nxe3+ Kb3 62. Ng4 1-0

[Event "NED-ch 1993"]
[Site "Eindhoven"]
[Date "1993.??.??"]
[Round "4"]
[White "Cifuentes Parada, Roberto"]
[Black "Van der Sterren, Paul"]
[Result "1/2-1/2"]
[WhiteElo "2485"]
[BlackElo "2490"]
[PlyCount "122"]
[EventDate "1993.06.??"]
[Source "ChessBase"]
[SourceDate "1996.11.15"]

1. d4 Nf6 2. Nf3 d5 3. c4 e6 4. Nc3 Be7 5. Qc2 O-O 6. Bg5 h6 7. Bxf6 Bxf6 8. e4
dxe4 9. Qxe4 c5 10. Bd3 g6 11. dxc5 Nd7 12. Qe3 Bg7 13. O-O Qc7 14. Rac1 Qxc5
15. Qe2 b6 16. a3 a5 17. Rfd1 Nf6 18. Rb1 a4 19. Bc2 Bd7 20. Ne5 Be8 21. Rd2
Ra5 22. Nf3 Nh5 23. Ne4 Qc7 24. Nd6 Bc6 25. Be4 Bxe4 26. Qxe4 Nf6 27. Qe2 Nd7
28. Nb5 Qb7 29. Rbd1 Nc5 30. h3 Raa8 31. Nd6 Qc7 32. Ne5 Rad8 33. f4 Nb7 34.
Nxb7 Rxd2 35. Rxd2 Qxb7 36. Kh1 Qc7 37. Rd7 Qc5 38. h4 b5 39. cxb5 Qc1+ 40. Qd1
Qxf4 41. Nf3 Bxb2 42. b6 Bxa3 43. Rd4 Qc1 44. Qxc1 Bxc1 45. Rxa4 Rb8 46. Rb4
Rb7 47. Ne5 Be3 48. Nc4 Bc5 49. Rb5 Bd4 50. g4 Kf8 51. Kg2 Ke7 52. g5 h5 53.
Rb1 Bc5 54. Rb5 Bd4 55. Rb1 f5 56. gxf6+ Kxf6 57. Kf3 Ke7 58. Ke4 Bf2 59. Rb2
Bc5 60. Rb5 Bf2 61. Rb2 Bc5 1/2-1/2

[Event "NED-ch 1993"]
[Site "Eindhoven"]
[Date "1993.??.??"]
[Round "4"]
[White "Hoeksema, Erik"]
[Black "Riemersma, Liafbern"]
[Result "1/2-1/2"]
[WhiteElo "2405"]
[BlackElo "2415"]
[PlyCount "35"]
[EventDate "1993.06.??"]
[Source "ChessBase"]
[SourceDate "1996.11.15"]

1. d4 Nf6 2. c4 c5 3. d5 b5 4. cxb5 a6 5. e3 axb5 6. Bxb5 Qa5+ 7. Nc3 Bb7 8. e4
Nxe4 9. Nge2 Nxc3 10. Nxc3 g6 11. O-O Bg7 12. Qe2 Ba6 13. Bg5 O-O 14. Bxa6 Nxa6
15. Qxe7 Nb4 16. Qxd7 h6 17. Bh4 Ra7 18. Qb5 1/2-1/2

[Event "NED-ch 1993"]
[Site "Eindhoven"]
[Date "1993.??.??"]
[Round "4"]
[White "Ree, Hans"]
[Black "Martens, Martin"]
[Result "1-0"]
[WhiteElo "2445"]
[BlackElo "2440"]
[PlyCount "71"]
[EventDate "1993.06.??"]
[Source "ChessBase"]
[SourceDate "1996.11.15"]

1. d4 Nf6 2. Nf3 e6 3. e3 c5 4. Bd3 b6 5. O-O Bb7 6. c4 Be7 7. Nc3 cxd4 8. exd4
d6 {>= 9..d5} 9. d5 e5 10. b4 Nbd7 11. Nd2 O-O 12. Nb3 Re8 13. a4 Bf8 14. a5 g6
15. Be3 Nh5 16. Nb5 Nf4 17. Bc2 Ba6 18. Re1 Bxb5 19. cxb5 Nh5 20. Bd3 Rc8 21.
Qd2 f5 22. f3 Nhf6 23. Bf1 e4 24. f4 Ng4 25. Bd4 Bg7 26. Bxg7 Kxg7 27. Nd4 Kg8
28. Nc6 Qf6 29. Nxa7 $2 e3 $2 {29..Tc2! -+} 30. Qe2 Rc3 31. Nc6 g5 32. h3 Nf2
33. Qh5 Ra8 34. fxg5 Qg7 35. axb6 Rf8 36. b7 1-0

[Event "NED-ch 1993"]
[Site "Eindhoven"]
[Date "1993.??.??"]
[Round "4"]
[White "Sosonko, Gennadi"]
[Black "Nijboer, Friso"]
[Result "0-1"]
[WhiteElo "2535"]
[BlackElo "2505"]
[PlyCount "80"]
[EventDate "1993.06.??"]
[Source "ChessBase"]
[SourceDate "1996.11.15"]

1. d4 Nf6 2. c4 g6 3. Nc3 Bg7 4. e4 d6 5. Be2 O-O 6. Nf3 e5 7. O-O Nc6 8. d5
Ne7 9. Ne1 Ne8 10. Nd3 f5 11. Bd2 fxe4 12. Nxe4 c6 13. Qb3 Kh8 14. f4 b5 15. c5
dxc5 16. Nexc5 exf4 17. Nxf4 Nxd5 18. Nxd5 Rxf1+ 19. Rxf1 Qxd5 20. Qxd5 cxd5
21. Bxb5 Bd4+ 22. Kh1 Bxc5 23. Bxe8 Ba6 24. Bc6 Bxf1 25. Bxa8 d4 26. b4 Bd6 27.
a4 Kg7 28. Kg1 Bd3 29. g3 Kf6 30. Kf2 Ke6 31. Kf3 Be5 32. b5 Bc4 33. Bc6 Bd5+
34. Bxd5+ Kxd5 35. a5 Bc7 36. Be1 Kc4 37. Ke4 Kxb5 38. Bf2 Bxa5 39. Bxd4 Bb6
40. Be5 Kc4 0-1

[Event "NED-ch 1993"]
[Site "Eindhoven"]
[Date "1993.??.??"]
[Round "4"]
[White "Van Mil, Johan"]
[Black "Piket, Jeroen"]
[Result "1-0"]
[WhiteElo "2435"]
[BlackElo "2590"]
[PlyCount "133"]
[EventDate "1993.06.??"]
[Source "ChessBase"]
[SourceDate "1996.11.15"]

1. e4 e5 2. Nf3 Nc6 3. Bb5 a6 4. Ba4 Nf6 5. O-O Nxe4 6. d4 Be7 7. Qe2 b5 8.
Nxe5 Nd6 9. Nxc6 dxc6 10. Bb3 O-O 11. Bf4 Nf5 12. c3 Bd6 13. Bxd6 cxd6 14. Re1
Ra7 15. Nd2 Re7 16. Qd3 Rfe8 17. Nf3 g6 18. Qd2 Kg7 19. h3 Bd7 20. Rxe7 Qxe7
21. Re1 Qf6 22. Rxe8 Bxe8 23. a4 c5 24. axb5 axb5 25. dxc5 dxc5 26. Bd5 Ne7 27.
Be4 Qe6 28. Ng5 Qd6 29. f4 Qc7 30. Qe3 h6 31. Nf3 Qd6 32. Ne5 f6 33. Nd3 c4 34.
Nb4 Bf7 35. g3 Be6 36. h4 g5 37. hxg5 hxg5 38. fxg5 Qd1+ 39. Kf2 f5 40. Bf3 Qd6
41. Nc2 Bd7 42. Nd4 Ng6 43. Ne2 Ne5 44. Nf4 Bc6 45. Be2 Bd7 46. Bh5 Nc6 47. Ke2
Kf8 48. Bf3 Ne5 49. Qd4 Qxd4 50. cxd4 Nf7 51. Nh3 Ke7 52. Ke3 f4+ 53. Nxf4 Nxg5
54. Nd5+ Kd6 55. Nb4 Be8 56. Be4 Bd7 57. Bg6 Ke6 58. Be4 Kd6 59. Bd5 Be8 60.
Kf4 Nh3+ 61. Kf3 Kc7 62. g4 Kb6 63. Kg3 Ng1 64. Kf4 Bd7 65. Be4 Ka5 66. Nc6+
Ka6 67. Nb8+ 1-0

[Event "NED-ch 1993"]
[Site "Eindhoven"]
[Date "1993.??.??"]
[Round "4"]
[White "Van Wely, Loek"]
[Black "Van der Wiel, John"]
[Result "1/2-1/2"]
[WhiteElo "2560"]
[BlackElo "2560"]
[PlyCount "64"]
[EventDate "1993.06.??"]
[Source "ChessBase"]
[SourceDate "1996.11.15"]

1. Nf3 c5 2. c4 Nf6 3. Nc3 Nc6 4. g3 d5 5. cxd5 Nxd5 6. Bg2 Nc7 7. O-O e5 8. d3
Be7 9. Nd2 Bd7 10. Nc4 O-O 11. Bxc6 Bxc6 12. Nxe5 Be8 13. a4 f6 14. Nc4 Qd7 15.
e4 Bf7 16. Bf4 Na6 17. Qe2 Nb4 18. Rad1 Rad8 19. Be3 Nc6 20. f4 b6 21. f5 Qb7
22. g4 a6 23. Bf4 b5 24. axb5 axb5 25. Ne3 Nb4 26. g5 fxg5 27. Bg3 Nc6 28. e5
Nd4 29. Qg4 b4 30. Qe4 Qxe4 31. Nxe4 Bh5 32. Ra1 Ne2+ 1/2-1/2

[Event "NED-ch 1993"]
[Site "Eindhoven"]
[Date "1993.??.??"]
[Round "5"]
[White "Nijboer, Friso"]
[Black "Cifuentes Parada, Roberto"]
[Result "1/2-1/2"]
[WhiteElo "2505"]
[BlackElo "2485"]
[PlyCount "85"]
[EventDate "1993.06.??"]
[Source "ChessBase"]
[SourceDate "1996.11.15"]

1. e4 e5 2. Nf3 d6 3. Bc4 Be7 4. d4 exd4 5. Nxd4 Nf6 6. Nc3 O-O 7. O-O c6 8.
Re1 a5 9. a4 Na6 10. Qf3 Ng4 11. Bxa6 Rxa6 12. Nf5 Bxf5 13. Qxf5 Qc8 14. Qxc8
Rxc8 15. h3 Ne5 16. b3 Bf6 17. Bb2 Rd8 18. Rad1 h5 19. Re3 h4 20. Ba3 Be7 21.
f4 Ng6 22. Ne2 b5 23. Red3 b4 24. Bb2 Re8 25. Kf2 Nf8 26. Kf3 Ne6 27. Nd4 Nc5
28. Re3 Bf6 29. Ba1 g6 30. Ne2 Bxa1 31. Rxa1 d5 32. exd5 Rxe3+ 33. Kxe3 cxd5
34. Rd1 Rd6 35. Nd4 Ne6 36. Nxe6 fxe6 37. Rd3 Rc6 38. Kd2 Kf7 39. Re3 Kf6 40.
Re5 Rc3 41. Rg5 Rc8 42. Rg4 Rh8 43. Ke3 1/2-1/2

[Event "NED-ch 1993"]
[Site "Eindhoven"]
[Date "1993.??.??"]
[Round "5"]
[White "Piket, Jeroen"]
[Black "Ree, Hans"]
[Result "1/2-1/2"]
[WhiteElo "2590"]
[BlackElo "2445"]
[PlyCount "55"]
[EventDate "1993.06.??"]
[Source "ChessBase"]
[SourceDate "1996.11.15"]

1. d4 Nf6 2. Nf3 c5 3. d5 d6 4. Nc3 g6 5. e4 Bg7 6. Bb5+ Bd7 7. a4 O-O 8. O-O
Na6 9. Re1 Bxb5 10. axb5 Nc7 11. Qd3 a6 12. b6 Nb5 13. Nxb5 axb5 14. Rxa8 Qxa8
15. Qxb5 Qa6 16. Qxa6 bxa6 17. Bg5 Rb8 18. Nd2 Rxb6 19. Nc4 Rb4 20. b3 Kf8 21.
e5 Nxd5 22. Rd1 e6 23. exd6 Ke8 24. Bd2 Rb5 25. Na5 Rb6 26. Nc4 Rb5 27. Na5 Rb6
28. Nc4 1/2-1/2

[Event "NED-ch 1993"]
[Site "Eindhoven"]
[Date "1993.??.??"]
[Round "5"]
[White "Riemersma, Liafbern"]
[Black "Sosonko, Gennadi"]
[Result "1/2-1/2"]
[WhiteElo "2415"]
[BlackElo "2535"]
[PlyCount "55"]
[EventDate "1993.06.??"]
[Source "ChessBase"]
[SourceDate "1996.11.15"]

1. e4 c5 2. Nf3 d6 3. d4 cxd4 4. Nxd4 Nf6 5. Nc3 g6 6. Be2 Bg7 7. O-O Nc6 8.
Nb3 O-O 9. Kh1 Be6 10. Bg5 Rc8 11. f4 Na5 12. f5 Bc4 13. Bd3 b5 14. Qe1 b4 15.
Ne2 Bxd3 16. cxd3 Nc6 17. Nf4 a5 18. Rd1 Re8 19. Qh4 d5 20. Rf3 dxe4 21. Rh3
Qd6 22. Nd2 exd3 23. fxg6 hxg6 24. Bh6 Nh5 25. Ne4 Qe5 26. Nxh5 Bxh6 27. Nhf6+
exf6 28. Nxf6+ 1/2-1/2

[Event "NED-ch 1993"]
[Site "Eindhoven"]
[Date "1993.??.??"]
[Round "6"]
[White "Cifuentes Parada, Roberto"]
[Black "Riemersma, Liafbern"]
[Result "1-0"]
[WhiteElo "2485"]
[BlackElo "2415"]
[PlyCount "81"]
[EventDate "1993.06.??"]
[Source "ChessBase"]
[SourceDate "1996.11.15"]

1. d4 Nf6 2. c4 e6 3. Nf3 b6 4. Nc3 Bb4 5. Bg5 h6 6. Bh4 Bb7 7. Qc2 Be4 8. Qb3
a5 9. a3 Bxc3+ 10. Qxc3 d6 11. Nd2 Bb7 12. f3 O-O 13. e3 Nbd7 14. Bd3 c5 15.
O-O Re8 16. Rac1 cxd4 17. exd4 Qc7 18. b4 axb4 19. axb4 Ra7 20. Bb1 e5 21. Rfe1
Raa8 22. Kh1 Nh5 23. d5 Nhf6 24. Ne4 Nxe4 25. Bxe4 Rac8 26. Qd2 Qb8 27. Bf5 Rc7
28. Bf2 Ba6 29. Qe3 Qc8 30. b5 Bb7 31. Bxd7 Qxd7 32. Qxb6 Rec8 33. c5 Bxd5 34.
c6 Qf5 35. Qe3 Rb8 36. Qe2 Qc8 37. Red1 Qe6 38. Qd3 Bb3 39. b6 Rxc6 40. Rxc6
Bxd1 41. Qxd1 1-0

[Event "NED-ch 1993"]
[Site "Eindhoven"]
[Date "1993.??.??"]
[Round "6"]
[White "Hoeksema, Erik"]
[Black "Piket, Jeroen"]
[Result "0-1"]
[WhiteElo "2405"]
[BlackElo "2590"]
[PlyCount "94"]
[EventDate "1993.06.??"]
[Source "ChessBase"]
[SourceDate "1996.11.15"]

1. d4 Nf6 2. c4 g6 3. Nc3 Bg7 4. e4 d6 5. f3 O-O 6. Be3 Nbd7 7. Qd2 c5 8. Nge2
a6 9. dxc5 dxc5 10. O-O-O Qc7 11. Nf4 e6 12. h4 Re8 13. h5 Ne5 14. hxg6 fxg6
15. Nh3 Nh5 16. f4 Ng3 17. Be2 Nxh1 18. Rxh1 Nf7 19. e5 b6 20. Nf2 Bb7 21. Rh2
Rad8 22. Qc2 Nxe5 23. fxe5 Bxe5 24. Rh4 Rf8 25. Nfe4 Bf4 26. Bxf4 Rxf4 27. Rh1
Rd4 28. Ng5 Bxg2 29. Rxh7 Rf1+ 30. Bxf1 Qf4+ 31. Kb1 Qxg5 32. Bxg2 Kxh7 33. Ne4
Qe3 34. a3 Kg7 35. Ka2 e5 36. Bh1 Qd3 37. Qxd3 Rxd3 38. Bg2 g5 39. Nxg5 Rg3 40.
Ne6+ Kf6 41. Bd5 e4 42. Nf4 Ke5 43. Ne2 Re3 44. Nc3 Rxc3 45. bxc3 Kf4 46. Kb2
e3 47. Kc2 Kg3 0-1

[Event "NED-ch 1993"]
[Site "Eindhoven"]
[Date "1993.??.??"]
[Round "6"]
[White "Ree, Hans"]
[Black "Van der Wiel, John"]
[Result "0-1"]
[WhiteElo "2445"]
[BlackElo "2560"]
[PlyCount "80"]
[EventDate "1993.06.??"]
[Source "ChessBase"]
[SourceDate "1996.11.15"]

1. d4 Nf6 2. Nf3 e6 3. e3 c5 4. Bd3 b6 5. O-O Bb7 6. c4 Be7 7. Nc3 cxd4 8. exd4
d5 9. cxd5 Nxd5 10. Ne5 O-O 11. Qh5 g6 12. Qf3 Nc6 13. Bh6 Nxe5 14. dxe5 Re8
15. Be4 Bg5 16. Bxg5 Qxg5 17. Qg3 Qxg3 18. hxg3 Re7 19. Nb5 Ba6 20. a4 Bxb5 21.
axb5 Rc8 22. Rfc1 Rxc1+ 23. Rxc1 Rc7 24. Rxc7 Nxc7 25. Bd3 f6 26. exf6 Kf7 27.
f4 Kxf6 28. Kf2 h6 29. Kf3 g5 30. Kg4 Nd5 31. Be4 Ne3+ 32. Kh5 Nf5 33. Bxf5
Kxf5 34. Kxh6 gxf4 35. gxf4 Kxf4 36. Kh5 e5 37. g4 e4 38. g5 e3 39. g6 e2 40.
g7 e1=Q 0-1

[Event "NED-ch 1993"]
[Site "Eindhoven"]
[Date "1993.??.??"]
[Round "6"]
[White "Sosonko, Gennadi"]
[Black "Martens, Martin"]
[Result "1/2-1/2"]
[WhiteElo "2535"]
[BlackElo "2440"]
[PlyCount "101"]
[EventDate "1993.06.??"]
[Source "ChessBase"]
[SourceDate "1996.11.15"]

1. d4 Nf6 2. Nf3 e6 3. g3 d5 4. Bg2 c5 5. O-O Nc6 6. c4 Be7 7. cxd5 exd5 8. Nc3
O-O 9. Bg5 cxd4 10. Nxd4 h6 11. Be3 Re8 12. Rc1 Bf8 13. Nxc6 bxc6 14. Na4 Bd7
15. Bc5 Bxc5 16. Nxc5 Bg4 17. f3 Bf5 18. Qd2 Qb6 19. e3 Nd7 20. Qd4 Rab8 21. b3
Nxc5 22. Rxc5 Qa6 23. Rf2 Rb6 24. e4 Be6 25. f4 dxe4 26. Bxe4 Bh3 27. Re5 Rbb8
28. Bg2 Red8 29. Qc3 Rd1+ 30. Re1 Rxe1+ 31. Qxe1 Bxg2 32. Kxg2 Qb5 33. Rd2 c5
34. Qe2 Qc6+ 35. Qf3 Qe6 36. f5 Qf6 37. Qd5 Qc3 38. Re2 a5 39. Kh3 Qc1 40. Kg2
Qc3 41. Qd6 Qb4 42. Qd7 h5 43. Qd5 Qb6 44. Qf3 Qh6 45. Qd5 Qb6 46. Qd7 Qb4 47.
Re7 Rf8 48. Qd5 c4 49. Rb7 Qa3 50. bxc4 Qxa2+ 51. Kh3 1/2-1/2